| 000 | 01739nam a2200277Ia 4500 | ||
|---|---|---|---|
| 003 | Ost | ||
| 005 | 20260507075658.0 | ||
| 008 | 260507s9999||||xx |||||||||||||| ||und|| | ||
| 040 | _cfsecg | ||
| 041 | _aara | ||
| 082 | _a5.8 | ||
| 100 |
_aمحمد الجنبيهي، منير _eمؤلف |
||
| 245 | 0 |
_aأمن المعلومات الإليكترونية / _c منير محمد الجنبيهي |
|
| 260 |
_aالاسكندرية: _bدار الفكر الجامعي, _c2005 |
||
| 300 |
_a230 صفحة؛ _bإيضاحات ؛ _c24 سم |
||
| 504 | _aالمراجع ص.229 | ||
| 520 | _aتاريخ الأمور، الاعتراف بالرسائل، الفيروسات، الديدان، وسائل الأمريكية الأكاديمية استخداما، التعاون الدولي في مجال حماية الخصوصية المعلوماتية، قانون تقنين المعلومات، قانون الكمبيوتر، التشريعات المالية والمصرفية فيما يتصل بالمال الالكتروني وتقنيات الخدمات المصرفية، التشريعات حماية الخصوصية المعلوماتية في كافة دول العالم، كيفية التخلص من ملفات الاختراق، الكعكات، الضوابط الرقابية وعوامل الأمان للعمليات المصرفية. | ||
| 653 | _aالالكترونيات | ||
| 653 | _aالحاسوب- القوانين والأنظمة | ||
| 653 | _aالقرصنة | ||
| 653 | _aالمعلوماتية | ||
| 653 | _aأمن المعلومات- قوانين وأنظمة | ||
| 653 | _aجرائم الحاسوب | ||
| 700 |
_aالجنبيهي، ممدوح محمد _eمؤلف ثانوي |
||
| 942 | _cكتاب | ||
| 999 |
_c45744 _d45744 |
||